[Event "CZE-chT2D 2223"]
[Site "Czech Republic"]
[Date "2022.10.16"]
[Round "1.3"]
[White "Cibulka, Josef"]
[Black "Prax, Ivo"]
[Result "1/2-1/2"]
[WhiteElo "2022"]
[BlackElo "1998"]
[PlyCount "141"]
[EventDate "2022.10.16"]
[EventType "team-tourn"]
[EventRounds "11"]
[EventCountry "CZE"]
[SourceTitle "EXT 2024"]
[Source "ChessBase"]
[SourceDate "2023.10.10"]
[SourceVersion "1"]
[SourceVersionDate "2023.10.10"]
[SourceQuality "1"]
[WhiteTeam "Policka Stefanydes"]
[BlackTeam "Usti nad Orlici"]
[WhiteTeamCountry "CZE"]
[BlackTeamCountry "CZE"]

1. e4 c5 2. Nf3 e6 3. d4 cxd4 4. Nxd4 a6 5. Be3 Nc6 6. Be2 Nf6 7. Nc3 Bb4 8. f3 0-0 9. 0-0 d5 10. exd5 Nxd5 11. Nxd5 Qxd5 12. Nxc6 Qxc6 13. Qd4 Be7 14. Rfd1 Bf6 15. Qb4 Bd7 16. c3 Qc8 17. Rd2 Bc6 18. Rad1 Re8 19. Bb6 e5 20. Bc4 Qf5 21. Bd5 Rac8 22. Bxc6 bxc6 23. Qa5 h5 24. Qxa6 e4 25. fxe4 Rxe4 26. Rf1 Qg4 27. h3 Ra4 28. Qb7 Qe6 29. Bd4 Bxd4+ 30. Rxd4 Rxd4 31. cxd4 Rd8 32. Qa7 f6 33. Qc5 Qxa2 34. Qxc6 Qxb2 35. Qc4+ Kh8 36. Rd1 Ra8 37. Qd5 Ra1 38. Qxh5+ Kg8 39. Qe8+ Kh7 40. Qe4+ Kh8 41. Rxa1 Qxa1+ 42. Kh2 Qd1 43. d5 Qd2 44. Kg3 Qg5+ 45. Kf3 Qd2 46. h4 Qd1+ 47. Kf4 Qf1+ 48. Ke3 Qe1+ 49. Kf3 Qd1+ 50. Kg3 Qd2 51. Kh3 Qd1 52. Qf3 Qd4 53. h5 Qe5 54. Qd1 Qd6 55. Qd4 Kg8 56. Qe4 Kf7 57. Kg4 Qd7+ 58. Qe6+ Qxe6+ 59. dxe6+ Kxe6 60. Kf4 Ke7 61. Kf5 Kf7 62. g3 Kf8 63. Kg6 Kg8 64. h6 gxh6 65. Kxf6 Kh7 66. g4 h5 67. g5 Kg8 68. Kf5 Kg7 69. g6 h4 70. Kg4 Kxg6 71. Kxh4 1/2-1/2

[Event "Liberec Desko op"]
[Site "Liberec"]
[Date "2021.07.18"]
[Round "2"]
[White "Cibulka, Josef"]
[Black "Haba, Petr"]
[Result "0-1"]
[WhiteElo "2016"]
[BlackElo "2436"]
[PlyCount "90"]
[EventDate "2021.07.17"]
[EventType "swiss"]
[EventRounds "9"]
[EventCountry "CZE"]
[SourceTitle "CBM 203 Extra"]
[Source "ChessBase"]
[SourceDate "2021.09.30"]
[SourceVersion "1"]
[SourceVersionDate "2021.09.30"]
[SourceQuality "1"]

1. e4 c5 2. Nf3 e6 3. d3 Nc6 4. g3 d5 5. Nbd2 Nf6 6. Bg2 Be7 7. 0-0 0-0 8. e5 Nd7 9. Re1 Qc7 10. Qe2 b5 11. a4 b4 12. Nf1 Bb7 13. Bf4 Rfc8 14. h4 Nd4 15. Nxd4 cxd4 16. Rec1 b3 17. c4 dxc3 18. Rxc3 Qb6 19. Be3 Qb4 20. Bd2 Rxc3 21. Bxc3 Qb6 22. Qe3 Qxe3 23. fxe3 Nc5 24. d4 Ne4 25. Bxe4 dxe4 26. Nd2 Bd5 27. a5 f6 28. exf6 gxf6 29. Kf2 Kf7 30. a6 Bd6 31. Ra4 Rg8 32. Nf1 h5 33. Ra5 Ke7 34. Be1 Kd7 35. Rb5 Rg7 36. Kg2 Kc6 37. Ra5 Kb6 38. Ra4 Kb5 39. Ra5+ Kc4 40. Kf2 Kd3 41. Ra1 Kc2 42. Bc3 Rc7 43. Re1 Bc4 44. Nd2 Bd3 45. Rb1 f5 0-1